000 00295nam a2200109Ia 4500
008 200302s9999 xx 000 0 und d
100 _aMarc Wortman and Others
245 _aPublic Transportation : on the Move
260 _bVisual Reference Publications Inc.,
260 _c2005
300 _a223 P.,
999 _c5385
_d5385